000 00968nam a2200241Ia 4500
003 OSt
005 20220923212750.0
006 a|||||r|||| 00| 0
007 ta
008 220922b |||||||| |||| 00| 0 hin d
024 _a155,726
037 _cTextual
040 _aARTS
_cARTS
_bhin
041 _2hin
_ahin
082 _aO152.C1594:10/\73, L3-;1
100 _aहण्डु, जियालाल
_9156279
245 0 _aकश्मीरी और हिन्दी सूफी काव्य का तुलनात्मक अध्ययन सन्13 ई - 1925 ई
246 _aKashmīrī aur hindī sūfī kāvya kā tulanātmak adhyayan san1300 ī0 - 1925 ī0
260 _aदिल्ली
_b भारतीय ग्रथं निकेतन
_c1973
300 _a504 पृ.
_ccm.
942 _hO152.C1594:10/\73, L3-;1
_cTEXL
_2CC
999 _c311194
_d311194